000
00286nam a2200121Ia 4500
008
190216s9999||||xx |||||||||||||| ||und||
100
_a
Satish Jain
245
0
_a
Introduction Tocomputer Science
260
_b
Bpb Pub
_c
1993
300
_a
487 p
650
_a
Computer Science
942
_c
BK
999
_c
8422
_d
8422